Κατάλογος Βιβλιοθηκών Mediterranean College

Physiotherapy in Respiratory Care / A Problem-Solving Approach to Respiratory and Cardiac Management (Record no. 5260)

MARC details
000 -LEADER
fixed length control field 01241cam a22002054a 4500
005 - ΗΜΕΡΟΜΗΝΙΑ ΚΑΙ ΩΡΑ ΤΕΛΕΥΤΑΙΑΣ ΕΝΗΜΕΡΩΣΗΣ
Πεδίο ελέγχου 20250605164208.0
008 - FIXED-LENGTH DATA ELEMENTS--GENERAL INFORMATION
Πεδίο ελέγχου σταθερού μήκους 250528s ||||||||||||||||||||||||d
035 ## - SYSTEM CONTROL NUMBER
System control number 20121
020 ## - ISBN
ISBN 748732845
040 ## - ΠΗΓΗ ΚΑΤΑΛΟΓΟΓΡΑΦΗΣΗΣ
Φορέας πρωτότυπης καταλογογράφησης MC Athens Campus Library
Γλώσσα καταλογογράφησης Ελληνικά, Μοντέρνα (1453-)
Modifying agency MC Athens Campus Library
Κανόνες περιγραφικής καταλογογράφησης AACR2
245 1# - ΤΙΤΛΟΣ ΚΑΙ ΔΗΛΩΣΗ ΥΠΕΥΘΥΝΟΤΗΤΑΣ
Τίτλος Physiotherapy in Respiratory Care / A Problem-Solving Approach to Respiratory and Cardiac Management
250 ## - EDITION STATEMENT
Edition statement 2nd
260 ## - PUBLICATION, DISTRIBUTION, ETC.
Name of publisher, distributor, etc. Stanley Thornes (Publishers) Ltd,
Date of publication, distribution, etc. 1996
300 ## - PHYSICAL DESCRIPTION
Extent 374
520 ## - SUMMARY, ETC.
Summary, etc. The bulk of the book is devoted to physiotherapy management and its rationale, based on the three main problems: reduced lung volume, breathlessness and sputum retention. Preface, Acknowledgements, Assessment of the Respiratory Patient, Respiratory Disorders, General Management, Physiotherapy Management, Management of Breathlessness and Pulmonary Rehabilitation, Physiotherapy for Specific Groups of People, Intensive Care, Physiotherapy in Intensive Care, Conditions in Intensive Care, Physiotherapy for Children and Infants, Evaluation of Chest Physiotherapy, Glossary of Definitions and Abbreviations and Symbols and Normal Values, Further Reading, References, Index.
700 1# - ΠΡΟΣΘΕΤΗ ΑΝΑΓΡΑΦΗ--ΦΥΣΙΚΟ ΠΡΟΣΩΠΟ
Personal name Hough Alexandra
9 (RLIN) 4103
942 ## - ADDED ENTRY ELEMENTS (KOHA)
Koha item type Books
Holdings
Τύπος τεκμηρίου Βιβλιοθήκη Τρέχουσα τοποθεσία Barcode Αριθμός εισαγωγής Ημερομηνία απόκτησης Ταξιθετικό σύμβολο Αριθμός αντιτύπου Κατάσταση απόσυρσης Κατάσταση χαμένου Κατάσταση κατεστραμμένου Μη δανεισμός Σύνολο δανεισμών Ημερομηνία τελευταίας εμφάνισης Η τιμή ισχύει από
Books MC Athens Campus Library MC Athens Campus Library 9780000052599 6352 05/06/2025 616.200462 HOU 1           05/06/2025 05/06/2025

MC Athens Campus Library
Πατησίων 94 & Κοδριγκτώνος 13, 104 34
Πελλήνης 8 & Πατησίων 107, 112 51
Τ: +30 210 8899600

MC Thessaloniki Campus Library
Ίωνος Δραγούμη 21, 54625 | Ίωνος Δραγούμη 15, 54625
Τ: +30 2310 287779 – Τ: +30 2314 440300